000 00920nam a22002297a 4500
005 20250401142744.0
008 250401b |||||||| |||| 00| 0 eng d
020 _a978-81-969752-6-5 (pbk)
037 _cTB
040 _aCRL
_cCRL
041 _2hin
_ahin
084 _aO152,3N48,PR R4
_qCRL
100 _aप्रकाश, अरुण
245 _aपूर्व - राग
260 _aगाज़ियाबाद, भारत:
_bअंतिका प्रकाशन,
_c2024.
300 _a184पृ0
365 _b325.00
_cINR
650 _aहिन्दी कविता
650 _aहिन्दी साहित्य
942 _2CC
_cTB
_hO152,3N48,PR R4
_n0
999 _c1308337
_d1308337